000 00516nam a22001697a 4500
999 _c9072
_d9072
008 210322b ||||| |||| 00| 0 eng d
040 _aBMS College of Architecture
100 _aNair, C, Sruthi
245 _aInstitute of historical studies
300 _a49p.
500 _a1BM07AT046
502 _8B.Arch
_NBMS College of Architecture, Visvesvaraya Technological University
_aProject report
_d2012
650 _aInstitute
700 _aShobha M N
_eGuide
700 _aK R Madhu Chand
_eGuide
942 _2ddc
_cTHE